Vista normal
Vista MARC
Entrada Topical Term
Número de registros utilizados en: 1
001 - CONTROL NUMBER
- control field: 41044
003 - CONTROL NUMBER IDENTIFIER
- control field: OSt
005 - DATE AND TIME OF LATEST TRANSACTION
- control field: 20211008113733.0
008 - FIXED-LENGTH DATA ELEMENTS
- fixed length control field: 211008|| aca||aabn | a|a d
040 ## - CATALOGING SOURCE
- Original cataloging agency: OSt
- Transcribing agency: OSt
150 ## - HEADING--TOPICAL TERM
- Topical term or geographic name entry element: Comercio
- General subdivision: Congresos, conferencias,
- Geographic subdivision: Colombia
670 ## - SOURCE DATA FOUND
- Source citation: Work cat.: (OSt)12649: Foro Hablemos de Café (56a. : 1992 : Manizales) 41042, Memorias del foro hablemos de café realizado durante la LVI asamblea anual de la asociación nacional de exportadores de café de Colombia , 1992.